000
00288nam a22001217a 4500
008
260424b |||||||| |||| 00| 0 eng d
082
_a
001063
100
_a
Narayanachar, K S
245
_a
Droupadi Sathyabhama
260
_a
Hubli
_b
Sahitya Prakashana
_c
2007
300
_a
44p
942
_2
ddc
999
_c
1303
_d
1303